[Event "BRA-ch Amateur U1600"]
[Site "Sao Paulo"]
[Date "2022.06.16"]
[Round "1"]
[White "Silvestre Filho, Orlando"]
[Black "Bergamo, Victor Hugo Moura"]
[Result "0-1"]
[WhiteElo "1930"]
[BlackElo "1518"]
[PlyCount "54"]
[EventDate "2022.06.16"]
[EventType "swiss"]
[EventRounds "7"]
[EventCountry "BRA"]
[SourceTitle "CBM 208 Extra"]
[Source "ChessBase"]
[SourceDate "2022.07.31"]
[SourceVersion "1"]
[SourceVersionDate "2022.07.31"]
[SourceQuality "1"]

1. d4 e6 2. c4 Nf6 3. Bg5 c5 4. d5 exd5 5. cxd5 h6 6. Bh4 Qa5+ 7. Nc3 Ne4 8. Qc2 Nxc3 9. bxc3 g5 10. Bg3 Bg7 11. Rc1 0-0 12. e4 b5 13. Bd6 b4 14. Ne2 Re8 15. g3 Ba6 16. Kd1 Bb5 17. Qb1 Qa4+ 18. Kd2 Bxe2 19. Bxe2 Bxc3+ 20. Ke3 f5 21. f3 Bd4+ 22. Kd2 Bc3+ 23. Ke3 b3 24. Bd1 Qd4+ 25. Ke2 Qd2+ 26. Kf1 Bd4 27. Be2 bxa2 0-1

[Event "Osasco Carvalho Memorial"]
[Site "Osasco"]
[Date "2022.02.20"]
[Round "6"]
[White "Bergamo, Victor Hugo Moura"]
[Black "Komatu, Felipe Karczewski"]
[Result "1-0"]
[WhiteElo "1499"]
[BlackElo "1568"]
[PlyCount "69"]
[EventDate "2022.02.18"]
[EventType "swiss"]
[EventRounds "6"]
[EventCountry "BRA"]
[SourceTitle "CBM 207 Extra"]
[Source "ChessBase"]
[SourceDate "2022.05.31"]
[SourceVersion "1"]
[SourceVersionDate "2022.05.31"]
[SourceQuality "1"]

1. e4 c5 2. Nf3 Nc6 3. d4 cxd4 4. Nxd4 Qb6 5. Nb3 Nf6 6. Nc3 e6 7. Be3 Qc7 8. f3 Bb4 9. Qd2 Ne7 10. Bd3 0-0 11. a3 Bxc3 12. bxc3 b6 13. Bg5 Kh8 14. Bxf6 gxf6 15. 0-0 Bb7 16. c4 Rg8 17. Kh1 Rg6 18. Nd4 Rag8 19. Rf2 Qe5 20. c3 Qh5 21. Bf1 Rh6 22. h3 d5 23. cxd5 exd5 24. Nb5 Qg6 25. Nd6 Rxh3+ 26. Kg1 dxe4 27. g4 e3 28. Qxe3 Qxg4+ 29. Rg2 Rh1+ 30. Kxh1 Qh5+ 31. Kg1 Bxf3 32. Qxf3 Qc5+ 33. Kh1 Qxd6 34. Rd1 Qc5 35. Qxf6+ 1-0

[Event "Osasco Carvalho Memorial"]
[Site "Osasco"]
[Date "2022.02.19"]
[Round "2"]
[White "Bergamo, Victor Hugo Moura"]
[Black "De Carvalho, Vitor Augusto Ponci"]
[Result "1/2-1/2"]
[WhiteElo "1499"]
[BlackElo "1862"]
[PlyCount "106"]
[EventDate "2022.02.18"]
[EventType "swiss"]
[EventRounds "6"]
[EventCountry "BRA"]
[SourceTitle "CBM 207 Extra"]
[Source "ChessBase"]
[SourceDate "2022.05.31"]
[SourceVersion "1"]
[SourceVersionDate "2022.05.31"]
[SourceQuality "1"]

1. e4 c5 2. Nf3 e6 3. d4 cxd4 4. Nxd4 Nc6 5. Be3 a6 6. Nc3 Qc7 7. Be2 Nf6 8. Qd2 Bb4 9. f3 d5 10. exd5 Nxd5 11. a3 Bxc3 12. bxc3 Nxe3 13. Qxe3 Nxd4 14. Qxd4 0-0 15. 0-0 e5 16. Qc4 Qb6+ 17. Kh1 Be6 18. Qh4 Qc7 19. Bd3 f5 20. Qb4 g6 21. a4 Rac8 22. Rab1 Bd5 23. Rfe1 Rfe8 24. c4 Bc6 25. c5 Rcd8 26. Rbd1 h6 27. a5 Kh7 28. Qb6 Qc8 29. Qb3 Qc7 30. Qb6 Qc8 31. Qb3 Rd7 32. Bc4 Qd8 33. Rxd7+ Qxd7 34. Qd3 Qc7 35. Qc3 e4 36. fxe4 Bxe4 37. Bd3 Qc6 38. Bxe4 Rxe4 39. Rxe4 fxe4 40. h3 Qe6 41. Qe3 g5 42. g4 Kg6 43. Kg2 h5 44. Qb3 Qc6 45. Qg8+ Kf6 46. Qf8+ Kg6 47. Qd6+ Kg7 48. Qxc6 bxc6 49. Kf2 hxg4 50. hxg4 Kf6 51. Ke3 Ke5 52. c4 Kf6 53. Kxe4 Ke6 1/2-1/2

[Event "Osasco Carvalho Memorial"]
[Site "Osasco"]
[Date "2022.02.18"]
[Round "1"]
[White "Crismanis Teles, Jose Henrique"]
[Black "Bergamo, Victor Hugo Moura"]
[Result "0-1"]
[WhiteElo "1800"]
[BlackElo "1499"]
[PlyCount "58"]
[EventDate "2022.02.18"]
[EventType "swiss"]
[EventRounds "6"]
[EventCountry "BRA"]
[SourceTitle "CBM 207 Extra"]
[Source "ChessBase"]
[SourceDate "2022.05.31"]
[SourceVersion "1"]
[SourceVersionDate "2022.05.31"]
[SourceQuality "1"]

1. d4 e6 2. e4 d5 3. Nc3 Nf6 4. Bd3 c5 5. Nf3 Nc6 6. Be3 c4 7. Be2 Nxe4 8. Nxe4 dxe4 9. Ne5 Nxe5 10. dxe5 Qa5+ 11. c3 Qxe5 12. Bxc4 b5 13. Bd4 Qf5 14. Be2 a6 15. 0-0 Bb7 16. h3 Rd8 17. Qc2 Bd6 18. Be3 Qg6 19. Rad1 f5 20. f3 Qg3 21. Rxd6 Qxd6 22. Rd1 Qc7 23. Qb3 Rxd1+ 24. Bxd1 Bd5 25. Qa3 Qc6 26. Bd4 exf3 27. Bxg7 Rg8 28. Bf6 Rxg2+ 29. Kh1 Qc7 0-1

[Event "Sao Paulo op-C U1700 8th"]
[Site "Sao Paulo"]
[Date "2019.10.18"]
[Round "2"]
[White "Bergamo, Victor Hugo Moura"]
[Black "Jafet Junior, Carlos"]
[Result "0-1"]
[WhiteElo "1487"]
[BlackElo "1619"]
[PlyCount "54"]
[EventDate "2019.10.17"]
[EventType "swiss"]
[EventRounds "6"]
[EventCountry "BRA"]
[SourceTitle "CBM 192 Extra"]
[Source "Chessbase"]
[SourceDate "2019.11.06"]
[SourceVersion "1"]
[SourceVersionDate "2019.11.06"]
[SourceQuality "1"]

1. e4 c5 2. Nf3 Nc6 3. d4 cxd4 4. Nxd4 g6 5. Be3 Bg7 6. Qd2 Nf6 7. f3 0-0 8. Nc3 d6 9. 0-0-0 Bd7 10. Bh6 Nxd4 11. Bxg7 Nxf3 12. gxf3 Kxg7 13. h4 h5 14. f4 Qa5 15. f5 b5 16. fxg6 fxg6 17. Qg5 Rac8 18. Rg1 Bg4 19. Be2 Rc5 20. Nd5 e6 21. Bxg4 hxg4 22. h5 exd5 23. Qxg6+ Kh8 24. Qh6+ Nh7 25. Rxg4 Qc7 26. Rdg1 Rxc2+ 27. Kb1 Rxb2+ 0-1

[Event "Sao Paulo Karman Cup"]
[Site "Sao Paulo"]
[Date "2019.08.18"]
[Round "6"]
[White "Nobre, Jose Adalberto Barb"]
[Black "Bergamo, Victor Hugo Moura"]
[Result "1-0"]
[WhiteElo "1603"]
[BlackElo "1460"]
[PlyCount "91"]
[EventDate "2019.08.16"]
[EventType "swiss"]
[EventRounds "6"]
[EventCountry "BRA"]
[SourceTitle "EXT 2021"]
[Source "ChessBase"]
[SourceDate "2020.10.23"]
[SourceVersion "1"]
[SourceVersionDate "2020.10.23"]
[SourceQuality "1"]

1. e4 e6 2. d3 d5 3. Nd2 Nf6 4. Qe2 Be7 5. g3 c5 6. Bg2 Nc6 7. Ngf3 d4 8. e5 Nd7 9. 0-0 Qc7 10. Re1 0-0 11. h4 b5 12. Ne4 f6 13. exf6 Nxf6 14. Nxf6+ Bxf6 15. Ng5 Bxg5 16. Bxg5 Bd7 17. Bf4 Qb6 18. Bd6 Rf6 19. Qh5 Rf5 20. Qe2 Re8 21. Be4 Nb4 22. Bf4 Rf7 23. Be5 Bc6 24. a3 Bxe4 25. dxe4 Nc6 26. Bd6 Na5 27. e5 Nc4 28. a4 Nxd6 29. exd6 b4 30. d7 Rxd7 31. Qc4 Kh8 32. Re5 Rc7 33. Rae1 Rc6 34. b3 h6 35. h5 a5 36. f4 Qb7 37. Kf2 Qe7 38. Kg2 Qb7 39. Kh2 Qd7 40. Qb5 Qd6 41. f5 Qc7 42. Rxe6 Rexe6 43. fxe6 Qc8 44. e7 Qe8 45. Qxc6 Qxc6 46. e8Q+ 1-0

[Event "BRA-ch Amateur U1600"]
[Site "Sao Paulo"]
[Date "2018.06.02"]
[Round "5"]
[White "Gomes, Emerson De Lima"]
[Black "Bergamo, Victor Hugo Moura"]
[Result "1-0"]
[WhiteElo "1364"]
[BlackElo "1535"]
[PlyCount "74"]
[EventDate "2018.05.31"]
[EventType "swiss"]
[EventRounds "7"]
[EventCountry "BRA"]
[SourceTitle "EXT 2021"]
[Source "ChessBase"]
[SourceDate "2020.10.23"]
[SourceVersion "1"]
[SourceVersionDate "2020.10.23"]
[SourceQuality "1"]

1. c4 Nf6 2. Nf3 c6 3. b3 d5 4. e3 Bg4 5. d4 e6 6. Bd3 Bb4+ 7. Bd2 Be7 8. 0-0 c5 9. dxc5 dxc4 10. Bxc4 Bxc5 11. Bc1 Qc7 12. Bb2 Nbd7 13. Nbd2 0-0 14. Qe2 Rfd8 15. Rac1 Qa5 16. a3 Bb6 17. h3 Bh5 18. g4 Bg6 19. b4 Qa4 20. Bb5 Qxb5 21. Qxb5 Nd5 22. h4 a6 23. Qc4 f6 24. Bd4 Bf7 25. Bxb6 N7xb6 26. Qe2 e5 27. Kh2 Be6 28. Rg1 g6 29. g5 Rf8 30. gxf6 Rxf6 31. Nxe5 Raf8 32. f4 Nxe3 33. Qxe3 Nd5 34. Qg3 Nxf4 35. Ng4 Bxg4 36. Qxg4 Kh8 37. Rc8 Nh5 1-0

[Event "BRA-ch Amateur U1600"]
[Site "Sao Paulo"]
[Date "2018.05.31"]
[Round "2"]
[White "Bergamo, Victor Hugo Moura"]
[Black "Santos, Josef De Jesus"]
[Result "1-0"]
[WhiteElo "1535"]
[BlackElo "1355"]
[PlyCount "44"]
[EventDate "2018.05.31"]
[EventType "swiss"]
[EventRounds "7"]
[EventCountry "BRA"]
[SourceTitle "EXT 2021"]
[Source "ChessBase"]
[SourceDate "2020.10.23"]
[SourceVersion "1"]
[SourceVersionDate "2020.10.23"]
[SourceQuality "1"]

1. e4 e6 2. d4 d5 3. Nd2 dxe4 4. Nxe4 Bd7 5. Nf3 Nc6 6. Be3 Bd6 7. Nxd6+ cxd6 8. c4 Nge7 9. a3 Nf5 10. Bf4 Qb6 11. d5 Nce7 12. Bd3 exd5 13. cxd5 Bb5 14. 0-0 Bxd3 15. Qxd3 0-0 16. g4 Nh6 17. Bxh6 gxh6 18. Qd2 Kg7 19. Nd4 Qd8 20. Rfe1 Re8 21. Rxe7 Rxe7 22. Nf5+ Kg6 1-0

[Event "Sao Paulo ECP Etapa Sigismund Gansl"]
[Site "Sao Paulo"]
[Date "2018.05.18"]
[Round "2.3"]
[White "Bergamo, Victor Hugo Moura"]
[Black "Itagyba, Renan Fortes"]
[Result "0-1"]
[WhiteElo "1535"]
[BlackElo "1735"]
[PlyCount "68"]
[EventDate "2018.05.18"]
[EventType "swiss"]
[EventRounds "6"]
[EventCountry "BRA"]
[SourceTitle "EXT 2022"]
[Source "ChessBase"]
[SourceDate "2021.10.06"]
[SourceVersion "1"]
[SourceVersionDate "2021.10.06"]
[SourceQuality "1"]

1. e4 c5 2. Nf3 d6 3. d4 cxd4 4. Nxd4 Nf6 5. Nc3 g6 6. Be3 Bg7 7. f3 0-0 8. Qd2 Nc6 9. 0-0-0 d5 10. Nxc6 bxc6 11. h4 Be6 12. Bh6 dxe4 13. Bxg7 Qxd2+ 14. Rxd2 Kxg7 15. Nxe4 Nxe4 16. fxe4 Rfd8 17. Ba6 Rxd2 18. Kxd2 Rd8+ 19. Kc3 c5 20. Bc4 Bxc4 21. Kxc4 Rd2 22. Rc1 Rxg2 23. Kxc5 f5 24. exf5 gxf5 25. c4 Kf6 26. Kd5 Rd2+ 27. Kc6 e5 28. Kb7 Rxb2+ 29. Ka8 Ke6 30. c5 Kd7 31. Kxa7 Kc6 32. Re1 e4 33. Rf1 Rb7+ 34. Ka6 Rf7 0-1

[Event "Sao Paulo Salles Cup 12th"]
[Site "Sao Paulo"]
[Date "2018.04.21"]
[Round "3"]
[White "Alquem, Claudia Regina"]
[Black "Bergamo, Victor Hugo Moura"]
[Result "0-1"]
[WhiteElo "1746"]
[BlackElo "1505"]
[PlyCount "58"]
[EventDate "2018.04.20"]
[EventType "swiss"]
[EventRounds "6"]
[EventCountry "BRA"]
[SourceTitle "CBM 184 Extra"]
[Source "ChessBase"]
[SourceDate "2018.06.28"]
[SourceVersion "1"]
[SourceVersionDate "2018.06.28"]
[SourceQuality "1"]

1. e4 e6 2. d4 d5 3. e5 c5 4. Nf3 Nc6 5. c3 Qb6 6. b3 cxd4 7. cxd4 Bb4+ 8. Nc3 Bxc3+ 9. Bd2 Bxa1 10. Qxa1 Bd7 11. Be2 Nge7 12. 0-0 Nf5 13. Ng5 Qxd4 14. Bc3 Qb6 15. Kh1 h6 16. Nh3 Rc8 17. f4 0-0 18. Bd3 Nce7 19. Qe1 Bb5 20. Nf2 Bxd3 21. Nxd3 Qe3 22. Qxe3 Nxe3 23. Rc1 Rc7 24. Bd4 Rxc1+ 25. Nxc1 N7f5 26. Bxa7 Rc8 27. Ne2 Rc2 28. Bxe3 Nxe3 29. Ng1 Rxg2 0-1

[Event "Sao Paulo Salles Cup 12th"]
[Site "Sao Paulo"]
[Date "2018.04.20"]
[Round "1"]
[White "Chiaramitara, Pedro Jr"]
[Black "Bergamo, Victor Hugo Moura"]
[Result "1-0"]
[WhiteElo "2079"]
[BlackElo "1505"]
[PlyCount "87"]
[EventDate "2018.04.20"]
[EventType "swiss"]
[EventRounds "6"]
[EventCountry "BRA"]
[SourceTitle "CBM 184 Extra"]
[Source "ChessBase"]
[SourceDate "2018.06.28"]
[SourceVersion "1"]
[SourceVersionDate "2018.06.28"]
[SourceQuality "1"]

1. e4 e6 2. d4 d5 3. exd5 exd5 4. Qf3 Nf6 5. h3 Nc6 6. Bb5 Bd7 7. Ne2 h6 8. Bf4 a6 9. Bxc6 Bxc6 10. Nbc3 Bd6 11. 0-0-0 Bxf4+ 12. Nxf4 Ne4 13. Rhe1 0-0 14. Re3 Re8 15. Rde1 Nxc3 16. Rxe8+ Bxe8 17. Qxc3 Qg5 18. g3 c6 19. Re5 Qf6 20. Qe1 Kf8 21. Qb4+ Kg8 22. Qxb7 Rd8 23. Qe7 Qxe7 24. Rxe7 Ra8 25. Nd3 f6 26. Rc7 a5 27. Kd2 Rb8 28. b3 Ra8 29. Nc5 a4 30. Nxa4 Kh7 31. Nc3 h5 32. a4 Kh6 33. Ne2 g5 34. Re7 Kg6 35. a5 Bf7 36. b4 f5 37. f4 Kf6 38. Rc7 Be8 39. Rh7 Bg6 40. fxg5+ Kxg5 41. h4+ Kf6 42. Rc7 Be8 43. Nf4 Ra6 44. Rh7 1-0

[Event "Sao Paulo op-C U1700 7th"]
[Site "Sao Paulo"]
[Date "2018.04.01"]
[Round "5"]
[White "Souza, Neurismar da Rocha"]
[Black "Bergamo, Victor Hugo Moura"]
[Result "0-1"]
[WhiteElo "1635"]
[BlackElo "1505"]
[PlyCount "72"]
[EventDate "2018.03.30"]
[EventType "swiss"]
[EventRounds "6"]
[EventCountry "BRA"]
[SourceTitle "EXT 2021"]
[Source "ChessBase"]
[SourceDate "2020.10.23"]
[SourceVersion "1"]
[SourceVersionDate "2020.10.23"]
[SourceQuality "1"]

1. e4 e6 2. Nf3 d5 3. e5 c5 4. d4 Nc6 5. c3 cxd4 6. cxd4 Qb6 7. Nc3 Nge7 8. Bb5 Ng6 9. a3 Bd7 10. 0-0 a6 11. Ba4 Be7 12. Qe2 Rc8 13. b4 Qc7 14. Bd2 Na7 15. Rfc1 Bxa4 16. Nxa4 Nc6 17. b5 axb5 18. Qxb5 0-0 19. Nb6 Rb8 20. Ba5 Bd8 21. Rab1 Qe7 22. Rxc6 bxc6 23. Qxc6 Bxb6 24. Rxb6 Rxb6 25. Qxb6 Qxa3 26. h3 Ra8 27. Bb4 Qb3 28. Qb7 Qa4 29. Ng5 Qe8 30. Qc7 h6 31. Nf3 Nf4 32. Bd2 g5 33. Kh2 Qb5 34. Be3 Qf1 35. Bxf4 gxf4 36. Qc2 Ra1 0-1

[Event "Sao Paulo op-C U1700 7th"]
[Site "Sao Paulo"]
[Date "2018.03.31"]
[Round "3"]
[White "Artiga, Pedro Gabriel F Vil"]
[Black "Bergamo, Victor Hugo Moura"]
[Result "1/2-1/2"]
[WhiteElo "1318"]
[BlackElo "1505"]
[PlyCount "38"]
[EventDate "2018.03.30"]
[EventType "swiss"]
[EventRounds "6"]
[EventCountry "BRA"]
[SourceTitle "EXT 2021"]
[Source "ChessBase"]
[SourceDate "2020.10.23"]
[SourceVersion "1"]
[SourceVersionDate "2020.10.23"]
[SourceQuality "1"]

1. Nf3 Nf6 2. b3 d5 3. Bb2 c5 4. e3 Nbd7 5. d4 e6 6. Bd3 cxd4 7. exd4 Bd6 8. 0-0 0-0 9. Nbd2 a6 10. Ne5 Qc7 11. Qe2 b5 12. a3 Bb7 13. f4 Rac8 14. Ndf3 Ne4 15. Ng5 Nxg5 16. fxg5 Nxe5 17. dxe5 Be7 18. h4 Rfd8 19. Bxh7+ Kxh7 1/2-1/2

[Event "Sao Paulo op-C U1700 7th"]
[Site "Sao Paulo"]
[Date "2018.03.31"]
[Round "4"]
[White "Bergamo, Victor Hugo Moura"]
[Black "Gelli, Jhonatan Henrique"]
[Result "1-0"]
[WhiteElo "1505"]
[BlackElo "1324"]
[PlyCount "59"]
[EventDate "2018.03.30"]
[EventType "swiss"]
[EventRounds "6"]
[EventCountry "BRA"]
[SourceTitle "EXT 2021"]
[Source "ChessBase"]
[SourceDate "2020.10.23"]
[SourceVersion "1"]
[SourceVersionDate "2020.10.23"]
[SourceQuality "1"]

1. e4 c5 2. Nf3 d6 3. d4 cxd4 4. Nxd4 Nf6 5. Nc3 a6 6. Bg5 e6 7. f4 Be7 8. Qf3 h6 9. Bxf6 Bxf6 10. 0-0-0 Qc7 11. g4 Nc6 12. Nxc6 bxc6 13. Bc4 Rb8 14. Bb3 c5 15. f5 0-0 16. h4 c4 17. Ba4 Qb6 18. b3 Qb4 19. Nb1 exf5 20. exf5 Bb7 21. Bc6 Bxc6 22. Qxc6 cxb3 23. axb3 Rfc8 24. Qa4 Qxb3 25. Qxb3 Rxb3 26. Rxd6 h5 27. Rxa6 Rb6 28. Ra3 Bb2+ 29. Kd2 Be5 30. Nc3 1-0

[Event "Sao Paulo op-C U1700 7th"]
[Site "Sao Paulo"]
[Date "2018.03.30"]
[Round "1"]
[White "Mariani, Vitor Caramico Stef"]
[Black "Bergamo, Victor Hugo Moura"]
[Result "0-1"]
[WhiteElo "1729"]
[BlackElo "1505"]
[PlyCount "58"]
[EventDate "2018.03.30"]
[EventType "swiss"]
[EventRounds "6"]
[EventCountry "BRA"]
[SourceTitle "EXT 2021"]
[Source "ChessBase"]
[SourceDate "2020.10.23"]
[SourceVersion "1"]
[SourceVersionDate "2020.10.23"]
[SourceQuality "1"]

1. d4 Nf6 2. Nf3 e6 3. Bf4 c5 4. e3 d5 5. Bd3 Nc6 6. c3 c4 7. Be2 Qb6 8. Qc2 h6 9. 0-0 Nh5 10. Nbd2 Nxf4 11. exf4 Bd6 12. Ne5 0-0 13. b3 cxb3 14. axb3 Qc7 15. g3 Nxd4 16. Qd3 Nxe2+ 17. Qxe2 Qxc3 18. Rfc1 Qb4 19. Qd3 Bxe5 20. fxe5 Bd7 21. Rc7 Bc6 22. f4 Qb6+ 23. Kg2 Qxc7 24. g4 Qe7 25. f5 exf5 26. Qxf5 Qg5 27. Qd3 Qxg4+ 28. Kf2 Qf4+ 29. Nf3 d4 0-1